Franken-Countries - Statistics

General Stats
  • This quiz has been taken 9 times
  • The average score is 10 of 21
Answer Stats
Hint Franken-Country Name Answer % Correct
Frazil France
89%
India
89%
Ireland
89%
Iremark Denmark
78%
Liberico Mexico
78%
Peruganda Peru
78%
Dominican Republic
67%
Rugeria Nigeria
67%
Russia
67%
Austrindia Austria
56%
Brazil
44%
South Mordan Morocco
33%
South Sudan
33%
Turkey
33%
Vataiwan City Vatican City
33%
Liberia
22%
Taiwan
22%
Turkmorium Belgium
11%
East Timor
11%
Dogyzstan Republic Kyrgyzstan
11%
Uganda
11%
No matching quizzes found
Score Distribution
Percent of People with Each Score
Percentile by Number Answered
Your Score History
You have not taken this quiz